000 01545cab a2200193 4500
001 L129543
008 050428n2005 000 0 eng u
035 _a(Sirsi) u129543
041 _aeng
100 _aMitchell, Hamish
245 _aOpening Pandora's box - the method of measurement for Highway Works (MMHW): Part 10 - down the drain
260 _c2005
490 _aCivil Engineering Surveyor
_v April 2005, 23-26(4)
520 _aLooks at the introduction of the MTMM in 1969 and the way it streamlined the measurement of drainage. Outlines various types of pavement and their relation to tabulated billing, as the MMHW, where provided for in a contract, permits the tenderer to select the type of pavement to be constructed from a number of alternatives provided for in a separate bill of quantities. Itemises various types of drainage components such as filter drains and sewers. Highlights a unique procedure for adjusting the rates for the pipe runs to take account of any variance in depth, as adjustments may increase or decrease the contract price. Concludes that measurement and billing of drainage is much more sophisticated than it used to be, although problems in Series 500 concerning highway works could mar an otherwise good approach to drainage measurement. (See also Abs67770, Abs67769, ABS67964, Abs68163, Abs68280, Abs68473, Abs68677, Abs68871).
590 _aIKA290405
650 _aBUILT ENVIRONMENT-QUANTITY SURVEYING-METHOD OF MEASUREMENT FOR HIGHWAY WORKS
690 _aQuantity surveying
_96263
942 _n0
999 _c75162
_d75162